|
|
|
|
| LEADER |
01937cas a2200241 a 4500 |
| 001 |
AALejournalIMF010502 |
| 008 |
230101c9999 xx r poo 0 0eng d |
| 020 |
|
|
|c 15.00 USD
|
| 020 |
|
|
|z 9781451969160
|
| 022 |
|
|
|a 1020-7635
|
| 040 |
|
|
|a BD-DhAAL
|c BD-DhAAL
|
| 110 |
2 |
|
|a International Monetary Fund.
|b Research Dept.
|
| 245 |
1 |
0 |
|a IMF Staff papers :
|b Volume 15 No. 3.
|
| 264 |
|
1 |
|a Washington, D.C. :
|b International Monetary Fund,
|c 1968.
|
| 300 |
|
|
|a 1 online resource (196 pages)
|
| 490 |
1 |
|
|a IMF Staff Papers
|
| 500 |
|
|
|a <strong>Off-Campus Access:</strong> No User ID or Password Required
|
| 500 |
|
|
|a <strong>On-Campus Access:</strong> No User ID or Password Required
|
| 506 |
|
|
|a Electronic access restricted to authorized BRAC University faculty, staff and students
|
| 520 |
3 |
|
|a This paper focuses on problems of economic policy in terms of targets and instruments. Both the fixed-targets approach and the welfare-economics approach tend to favor a multiplication of policy instruments, the former so as to increase the number of targets that can be attained and the latter so as to permit all objectives to be more closely approximated. It is necessary that policies be centrally coordinated, and in each country, there is a limit to the number of policies that can be successfully coordinated by the political and administrative machine. For this reason, the costs of applying any given policy instrument will depend not only on the degree of its use but also on the number and nature of the instruments already in use. The existence of both kinds of cost, and particularly the latter, will set a limit on the number of policy instruments that can appropriately be brought into operation.
|
| 538 |
|
|
|a Mode of access: Internet
|
| 830 |
|
0 |
|a IMF Staff Papers; IMF Staff Papers ;
|v No. 1968/003
|
| 856 |
4 |
0 |
|z Full text available on IMF
|u http://elibrary.imf.org/view/journals/024/1968/003/024.1968.issue-003-en.xml
|z IMF e-Library
|